[Event "CRO-chT1B 32nd"]
[Site "Veli Losinj"]
[Date "2024.10.13"]
[Round "9.3"]
[White "Golubovic, Boris"]
[Black "Sertic, Rudolf"]
[Result "1/2-1/2"]
[WhiteElo "2321"]
[BlackElo "2332"]
[PlyCount "157"]
[EventDate "2024.10.05"]
[EventType "team-tourn"]
[EventRounds "9"]
[EventCountry "CRO"]
[SourceTitle "CB47_2024"]
[SourceDate "2024.11.20"]
[SourceVersion "1"]
[SourceVersionDate "2024.11.20"]
[SourceQuality "1"]
[WhiteTeam "Rijeka Rijeka"]
[BlackTeam "Djakovo Limmont"]
[WhiteTeamCountry "CRO"]
[BlackTeamCountry "CRO"]

1. c4 Nf6 2. Nf3 d6 3. d4 Nbd7 4. Nc3 e5 5. g3 Be7 6. Bg2 0-0 7. 0-0 c6 8. h3 Qc7 9. e4 Re8 10. Be3 Qb8 11. Qd3 Bd8 12. b4 Bb6 13. Rfd1 h6 14. Na4 Bc7 15. Rac1 Nb6 16. Nc3 Be6 17. d5 cxd5 18. cxd5 Bd7 19. Nd2 Na4 20. Rc2 Bb6 21. Rdc1 Bxe3 22. Qxe3 Rc8 23. Nb3 Ne8 24. Na5 Nb6 25. Bf1 f5 26. h4 Nf6 27. Bh3 Nc4 28. Qe2 Na3 29. Rb2 Nxe4 30. Qe1 Nxc3 31. Rxc3 Rxc3 32. Qxc3 Nb5 33. Qd3 Nd4 34. Nb3 Nxb3 35. Rxb3 Qf8 36. b5 b6 37. Ra3 g6 38. Bf1 Qe7 39. Ra6 Bc8 40. Ra4 Bb7 41. Qb3 Qf7 42. Bc4 Bc8 43. Be2 Bb7 44. Bc4 Qc7 45. Qd3 Bc8 46. a3 Bd7 47. Rb4 Qc5 48. Qd2 Kg7 49. Kg2 Rc8 50. Kg1 Be8 51. Qd3 Bf7 52. h5 Qc7 53. hxg6 Bxg6 54. Qd2 Qd7 55. Bf1 Qe7 56. Rc4 Rxc4 57. Bxc4 h5 58. Be2 h4 59. g4 f4 60. Qc3 Kh6 61. f3 Kg5 62. Bd3 e4 63. fxe4 Bxe4 64. Bxe4 Qxe4 65. Qg7+ Qg6 66. Qd7 Qb1+ 67. Kf2 Qc2+ 68. Kg1 f3 69. Qe7+ Kxg4 70. Qe6+ Qf5 71. Kf2 Qxe6 72. dxe6 h3 73. e7 h2 74. e8Q h1Q 75. Qg6+ Kf4 76. Qxd6+ Kf5 77. Qd5+ Kf4 78. Qd4+ Kf5 79. Qd5+ 1/2-1/2

[Event "CRO-chT1B 32nd"]
[Site "Veli Losinj"]
[Date "2024.10.11"]
[Round "7.3"]
[White "Sertic, Rudolf"]
[Black "Karlusic, Luka"]
[Result "1-0"]
[WhiteElo "2332"]
[BlackElo "2236"]
[PlyCount "139"]
[EventDate "2024.10.05"]
[EventType "team-tourn"]
[EventRounds "9"]
[EventCountry "CRO"]
[SourceTitle "CB47_2024"]
[SourceDate "2024.11.20"]
[SourceVersion "1"]
[SourceVersionDate "2024.11.20"]
[SourceQuality "1"]
[WhiteTeam "Djakovo Limmont"]
[BlackTeam "Zagreb Caissa"]
[WhiteTeamCountry "CRO"]
[BlackTeamCountry "CRO"]

1. d4 Nf6 2. c4 e6 3. Nc3 Bb4 4. Bd2 0-0 5. Nf3 b6 6. e3 Bb7 7. Be2 d5 8. 0-0 Nbd7 9. Nxd5 Nxd5 10. cxd5 Bxd2 11. dxe6 Bb4 12. exd7 Qxd7 13. Ne5 Qe6 14. Bf3 Bxf3 15. Qxf3 Bd6 16. Nc6 f5 17. d5 Qh6 18. g3 g5 19. Nd4 g4 20. Qg2 Qf6 21. Rfd1 h5 22. h4 Rf7 23. Rac1 Re8 24. Rc2 Rd7 25. a3 Bc5 26. b4 Bxd4 27. Rxd4 Red8 28. b5 Qe5 29. Rcd2 Rd6 30. Qf1 R8d7 31. Qc4 Kf8 32. Qd3 Kg7 33. a4 Rd8 34. Kf1 R8d7 35. Ke2 Kf6 36. Kd1 Ke7 37. Kc2 Kd8 38. Kb3 Kc8 39. Kc4 Kb8 40. Qb1 Rd8 41. Qd1 Rf6 42. Rf4 Qd6 43. Kb3 Qe5 44. Rdd4 Rdf8 45. Qd3 R8f7 46. Kc2 Qd6 47. Kd1 Qd7 48. Ke1 Qd6 49. Kf1 Qd7 50. d6 Rxd6 51. Rxd6 Qxd6 52. Qxd6 cxd6 53. e4 Kc7 54. f3 gxf3 55. Kf2 d5 56. Rxf5 Rxf5 57. exf5 Kd6 58. Kxf3 Ke5 59. f6 Kxf6 60. g4 hxg4+ 61. Kxg4 Ke5 62. Kf3 d4 63. Ke2 Ke4 64. Kd2 d3 65. h5 Kf5 66. Kxd3 Kg5 67. Kd4 Kxh5 68. Kd5 Kg5 69. Kc6 Kf6 70. Kb7 1-0

[Event "CRO-chT1B 32nd"]
[Site "Veli Losinj"]
[Date "2024.10.05"]
[Round "1.4"]
[White "Muse, Mladen"]
[Black "Sertic, Rudolf"]
[Result "1/2-1/2"]
[WhiteElo "2380"]
[BlackElo "2332"]
[PlyCount "23"]
[EventDate "2024.10.05"]
[EventType "team-tourn"]
[EventRounds "9"]
[EventCountry "CRO"]
[SourceTitle "CB47_2024"]
[SourceDate "2024.11.20"]
[SourceVersion "1"]
[SourceVersionDate "2024.11.20"]
[SourceQuality "1"]
[WhiteTeam "Pozega"]
[BlackTeam "Djakovo Limmont"]
[WhiteTeamCountry "CRO"]
[BlackTeamCountry "CRO"]

1. Nf3 Nf6 2. g3 d6 3. d4 Nbd7 4. Bg2 e5 5. 0-0 c6 6. Nc3 Be7 7. a4 0-0 8. e4 Qc7 9. h3 Re8 10. Re1 b6 11. Be3 a6 12. Nh4 1/2-1/2

[Event "CRO-chT1B 31st"]
[Site "Veli Losinj"]
[Date "2023.10.17"]
[Round "7.1"]
[White "Jovanovic, Zoran"]
[Black "Sertic, Rudolf"]
[Result "1-0"]
[WhiteElo "2513"]
[BlackElo "2343"]
[PlyCount "63"]
[EventDate "2023.10.11"]
[EventType "team-tourn"]
[EventRounds "9"]
[EventCountry "CRO"]
[SourceTitle "EXT 2025"]
[Source "ChessBase"]
[SourceDate "2024.10.14"]
[SourceVersion "1"]
[SourceVersionDate "2024.10.14"]
[SourceQuality "1"]
[WhiteTeam "Zagreb Mladost"]
[BlackTeam "Djakovo Djakovo"]
[WhiteTeamCountry "CRO"]
[BlackTeamCountry "CRO"]

1. e4 c5 2. Nc3 e6 3. Nge2 a6 4. g3 Nc6 5. Bg2 Nge7 6. 0-0 Qc7 7. b3 h5 8. h3 h4 9. g4 g5 10. d3 Bh6 11. Be3 b6 12. Qd2 Rg8 13. a3 Bb7 14. b4 d6 15. Rab1 e5 16. bxc5 bxc5 17. Na4 Nd4 18. c3 Nxe2+ 19. Qxe2 Bc6 20. Nb6 Rb8 21. Nd5 Bxd5 22. exd5 Ng6 23. d4 cxd4 24. cxd4 a5 25. Be4 Ke7 26. Rfc1 Rxb1 27. Bxb1 Qb7 28. Bxg6 Rxg6 29. dxe5 dxe5 30. Bc5+ Kf6 31. Qe4 Qb2 32. Rb1 1-0

[Event "CRO-chT1B 30th"]
[Site "Porec"]
[Date "2022.09.29"]
[Round "6.43"]
[White "Bukal, Vladimir Jr"]
[Black "Sertic, Rudolf"]
[Result "1/2-1/2"]
[WhiteElo "2411"]
[BlackElo "2357"]
[PlyCount "105"]
[EventDate "2022.09.24"]
[EventType "team-tourn"]
[EventRounds "9"]
[EventCountry "CRO"]
[SourceTitle "CBM 210 Extra"]
[Source "ChessBase"]
[SourceDate "2022.11.30"]
[SourceVersion "1"]
[SourceVersionDate "2022.11.30"]
[SourceQuality "1"]
[WhiteTeam "Zagreb Mladost"]
[BlackTeam "Djakovo Limmont"]
[WhiteTeamCountry "CRO"]
[BlackTeamCountry "CRO"]

1. Nf3 Nf6 2. g3 d6 3. d4 Nbd7 4. Bg2 e5 5. 0-0 c6 6. c4 Be7 7. Nc3 0-0 8. Qc2 a6 9. h3 Rb8 10. b3 Re8 11. Bb2 Bf8 12. e4 Qc7 13. Rad1 b6 14. Rfe1 Bb7 15. Ne2 g6 16. c5 bxc5 17. dxe5 dxe5 18. Nc1 a5 19. Bf1 Nb6 20. Nd3 Nfd7 21. Qc3 c4 22. bxc4 Na4 23. Qc2 Nxb2 24. Qxb2 f6 25. h4 Nc5 26. Qc1 Bc8 27. Qe3 Nxd3 28. Rxd3 Be6 29. Rc1 h5 30. Kh2 Kh7 31. Rc2 Qb6 32. Qxb6 Rxb6 33. Bh3 Bxh3 34. Kxh3 Bc5 35. Kg2 Kg7 36. Rd7+ Re7 37. Rd8 Reb7 38. Ne1 Rb1 39. Nd3 Bd4 40. Kf3 f5 41. Rd6 c5 42. Rd5 Kf6 43. Re2 a4 44. Rd6+ Kg7 45. Rd5 Kf6 46. exf5 gxf5 47. Nxe5 R7b2 48. Nd7+ Kg6 49. Nf8+ Kf6 50. Nd7+ Kg6 51. Nf8+ Kf6 52. Nh7+ Kg6 53. Nf8+ 1/2-1/2

[Event "CRO-chT1B 30th"]
[Site "Porec"]
[Date "2022.09.28"]
[Round "5.33"]
[White "Sertic, Rudolf"]
[Black "Markovic, Alen"]
[Result "1-0"]
[WhiteElo "2357"]
[BlackElo "2233"]
[PlyCount "99"]
[EventDate "2022.09.24"]
[EventType "team-tourn"]
[EventRounds "9"]
[EventCountry "CRO"]
[SourceTitle "CBM 210 Extra"]
[Source "ChessBase"]
[SourceDate "2022.11.30"]
[SourceVersion "1"]
[SourceVersionDate "2022.11.30"]
[SourceQuality "1"]
[WhiteTeam "Djakovo Limmont"]
[BlackTeam "Porec Gortan"]
[WhiteTeamCountry "CRO"]
[BlackTeamCountry "CRO"]

1. Nf3 Nf6 2. c4 e6 3. Nc3 d5 4. d4 Bb4 5. Qa4+ Nc6 6. cxd5 exd5 7. Bg5 h6 8. Bxf6 Qxf6 9. e3 0-0 10. Be2 Be6 11. 0-0 a6 12. Rfc1 Rfd8 13. Qd1 Bd6 14. Na4 Ne7 15. Nc5 Bc8 16. Qf1 a5 17. a3 g5 18. b4 b6 19. Na6 axb4 20. axb4 Rd7 21. Nc5 bxc5 22. Rxa8 cxb4 23. Ba6 Rd8 24. Bxc8 Nxc8 25. Qa6 Nb6 26. Rxd8+ Qxd8 27. Ne1 Kg7 28. Qd3 Qa8 29. Rb1 Na4 30. Nc2 Nc3 31. Rb2 Qa4 32. g3 g4 33. Kg2 h5 34. Qf1 Kg6 35. Qe1 f5 36. Qf1 Kg5 37. h3 h4 38. gxh4+ Kxh4 39. hxg4 fxg4 40. f4 gxf3+ 41. Kxf3 Kg5 42. Kg2 Ne4 43. Ne1 Qa3 44. Nd3 Ng3 45. Qd1 Nf5 46. Re2 Kf6 47. Rf2 Ke6 48. Qe2 Qa8 49. Qg4 Qf8 50. e4 1-0

[Event "CRO-chT1B 29th"]
[Site "Mali Losinj"]
[Date "2021.09.29"]
[Round "6.3"]
[White "Sertic, Rudolf"]
[Black "Dabo Peranic, Robert"]
[Result "0-1"]
[WhiteElo "2357"]
[BlackElo "2289"]
[PlyCount "54"]
[EventDate "2021.09.25"]
[EventType "team-tourn"]
[EventRounds "11"]
[EventCountry "CRO"]
[SourceTitle "CBM 204 Extra"]
[Source "ChessBase"]
[SourceDate "2021.11.30"]
[SourceVersion "1"]
[SourceVersionDate "2021.11.30"]
[SourceQuality "1"]
[WhiteTeam "Djakovo Limmont"]
[BlackTeam "Slavonski Brod Djakovic"]
[WhiteTeamCountry "CRO"]
[BlackTeamCountry "CRO"]

1. d4 d5 2. c4 e6 3. Nf3 c5 4. cxd5 exd5 5. Nc3 Nc6 6. dxc5 d4 7. Ne4 Nf6 8. Nd6+ Bxd6 9. cxd6 Qxd6 10. e3 Qb4+ 11. Qd2 dxe3 12. fxe3 0-0 13. Be2 Rd8 14. Qxb4 Nxb4 15. 0-0 Nc2 16. Rb1 Bf5 17. Nh4 Bd3 18. Bxd3 Rxd3 19. Nf5 Ne4 20. b3 Rad8 21. Rb2 Rc3 22. Rb1 f6 23. Bb2 Rcd3 24. Rf4 Rd1+ 25. Rxd1 Rxd1+ 26. Rf1 Ne1 27. Kh1 Nf3 0-1

[Event "CRO-chT1B 29th"]
[Site "Mali Losinj"]
[Date "2021.09.26"]
[Round "3.3"]
[White "Tomulic, Teo"]
[Black "Sertic, Rudolf"]
[Result "1/2-1/2"]
[WhiteElo "2357"]
[BlackElo "2357"]
[PlyCount "95"]
[EventDate "2021.09.25"]
[EventType "team-tourn"]
[EventRounds "11"]
[EventCountry "CRO"]
[SourceTitle "CBM 204 Extra"]
[Source "ChessBase"]
[SourceDate "2021.11.30"]
[SourceVersion "1"]
[SourceVersionDate "2021.11.30"]
[SourceQuality "1"]
[WhiteTeam "Rijeka Junior"]
[BlackTeam "Djakovo Limmont"]
[WhiteTeamCountry "CRO"]
[BlackTeamCountry "CRO"]

1. e4 e6 2. d4 d5 3. e5 c5 4. c3 Qb6 5. Nf3 Bd7 6. a4 Nc6 7. Be2 cxd4 8. cxd4 Nge7 9. Na3 Nf5 10. Nc2 Be7 11. 0-0 Rc8 12. g4 Nh4 13. Nxh4 Bxh4 14. b4 Be7 15. Ba3 Qd8 16. Qd2 b6 17. f4 0-0 18. g5 f6 19. h4 f5 20. Rfb1 Be8 21. Ne3 a5 22. bxa5 bxa5 23. Nc2 Bxa3 24. Rxa3 Qc7 25. Rc3 Qa7 26. Kf1 Bd7 27. Rc5 Nb4 28. Nxb4 Rxc5 29. dxc5 Rb8 30. c6 Bxc6 31. Rc1 Bxa4 32. Nc6 Bxc6 33. Rxc6 Rb1+ 34. Rc1 Qb6 35. Rxb1 Qxb1+ 36. Kf2 Qb6+ 37. Kg2 a4 38. h5 a3 39. Qc3 Qa7 40. g6 Qa8 41. Qc7 hxg6 42. h6 gxh6 43. Qe7 a2 44. Qxe6+ Kg7 45. Qf6+ Kh7 46. Qf7+ Kh8 47. Qf6+ Kh7 48. Qf7+ 1/2-1/2

[Event "CRO-chT1A 27th"]
[Site "Biograd"]
[Date "2018.09.11"]
[Round "4.13"]
[White "Martinovic, Sasa"]
[Black "Sertic, Rudolf"]
[Result "1/2-1/2"]
[WhiteElo "2567"]
[BlackElo "2366"]
[PlyCount "101"]
[EventDate "2018.09.08"]
[EventType "team-tourn"]
[EventRounds "9"]
[EventCountry "CRO"]
[SourceTitle "CBM 186 Extra"]
[Source "ChessBase"]
[SourceDate "2018.08.24"]
[SourceVersion "1"]
[SourceVersionDate "2018.08.24"]
[SourceQuality "1"]
[WhiteTeam "Solin Cemex"]
[BlackTeam "Dakovo"]
[WhiteTeamCountry "CRO"]
[BlackTeamCountry "CRO"]

1. d4 d5 2. c4 c6 3. Nf3 Nf6 4. e3 g6 5. Nc3 Bg7 6. cxd5 Nxd5 7. Be2 0-0 8. 0-0 Nxc3 9. bxc3 Nd7 10. e4 e5 11. Re1 exd4 12. cxd4 Re8 13. Bg5 Qa5 14. Bd2 Qc7 15. Qc2 Nf6 16. Bd3 Bg4 17. Ne5 Be6 18. h3 Rad8 19. Nf3 Qc8 20. Bg5 h6 21. Be3 Bxh3 22. gxh3 Qxh3 23. Qe2 Nxe4 24. Nh2 Bxd4 25. Bxd4 Rxd4 26. Bxe4 Rdxe4 27. Qxe4 Rxe4 28. Rxe4 Qa3 29. Re2 c5 30. Rb1 b6 31. Rb3 Qc1+ 32. Kg2 c4 33. Rbe3 b5 34. Re5 b4 35. Nf3 b3 36. axb3 cxb3 37. Rb5 Qc4 38. Rb8+ Kg7 39. Re3 Qg4+ 40. Kf1 Qc4+ 41. Ke1 b2 42. Nd2 Qc6 43. Reb3 h5 44. Rxb2 h4 45. R2b3 a5 46. Ke2 a4 47. Rd3 Qa6 48. Rb4 a3 49. Rxh4 a2 50. Nb3 a1Q 51. Nxa1 1/2-1/2

[Event "Bosnjaci op 23rd"]
[Site "Bosnjaci"]
[Date "2018.01.09"]
[Round "9"]
[White "Radovanovic, Nikola"]
[Black "Sertic, Rudolf"]
[Result "1/2-1/2"]
[WhiteElo "2441"]
[BlackElo "2365"]
[PlyCount "64"]
[EventDate "2018.01.03"]
[EventType "swiss"]
[EventRounds "9"]
[EventCountry "CRO"]
[SourceTitle "CBM 182 Extra"]
[Source "ChessBase"]
[SourceDate "2018.02.23"]
[SourceVersion "1"]
[SourceVersionDate "2018.02.23"]
[SourceQuality "1"]

1. d4 Nf6 2. c4 c5 3. d5 b5 4. cxb5 a6 5. e3 g6 6. Nc3 d6 7. Nf3 Bg7 8. a4 0-0 9. e4 axb5 10. Bxb5 Ba6 11. Bxa6 Nxa6 12. 0-0 Nd7 13. Qe2 Qb6 14. Nd2 Nc7 15. Nc4 Qa6 16. Bd2 Rfb8 17. Ra3 Rb7 18. Nb5 Bxb2 19. Nxb2 Rxb5 20. Bc3 Rab8 21. Qc2 R5b7 22. Rfa1 Nb6 23. R3a2 Nc4 24. Nd1 Na5 25. Ne3 Nc4 26. Nd1 f6 27. f4 Rb3 28. h3 R3b7 29. Kh2 Na5 30. Ne3 Nc4 31. Nd1 Na5 32. Ne3 Nc4 1/2-1/2

[Event "Bosnjaci op 23rd"]
[Site "Bosnjaci"]
[Date "2018.01.07"]
[Round "7"]
[White "Sertic, Rudolf"]
[Black "Ivekovic, Tihana"]
[Result "1-0"]
[WhiteElo "2365"]
[BlackElo "2161"]
[PlyCount "125"]
[EventDate "2018.01.03"]
[EventType "swiss"]
[EventRounds "9"]
[EventCountry "CRO"]
[SourceTitle "CBM 182 Extra"]
[Source "ChessBase"]
[SourceDate "2018.02.23"]
[SourceVersion "1"]
[SourceVersionDate "2018.02.23"]
[SourceQuality "1"]

1. Nf3 d5 2. c4 e6 3. d4 Nf6 4. cxd5 exd5 5. Bg5 Be7 6. Nc3 c6 7. Qc2 0-0 8. e3 Nbd7 9. Bd3 Re8 10. h3 Nf8 11. Bf4 Bd6 12. Bxd6 Qxd6 13. 0-0 Qe7 14. Ne5 a6 15. Na4 Be6 16. Nc5 Rac8 17. b4 Rc7 18. a4 Bc8 19. Qb1 Ne4 20. Bxe4 dxe4 21. b5 axb5 22. axb5 cxb5 23. Rc1 b6 24. Na6 Rxc1+ 25. Qxc1 Ne6 26. Qb1 Bxa6 27. Rxa6 Qb7 28. Qxb5 Rb8 29. Ra1 g6 30. Nd7 Rd8 31. Nf6+ Kh8 32. Qe5 Qb8 33. Qxb8 Rxb8 34. Nxe4 b5 35. Rb1 Kg7 36. Kf1 f5 37. Nc3 Nc7 38. Rb4 Kf6 39. Ke2 Ke6 40. f3 Nd5 41. Nxd5 Kxd5 42. Kd3 Kc6 43. Rb3 Ra8 44. e4 fxe4+ 45. fxe4 Ra2 46. d5+ Kd6 47. Rxb5 Ke5 48. Rb6 Ra3+ 49. Kc4 Kxe4 50. Re6+ Kf5 51. Re2 Ra6 52. Kb5 Ra1 53. Kc6 Ra6+ 54. Kc7 Ra7+ 55. Kb6 Ra1 56. d6 Rd1 57. Kc7 Rc1+ 58. Kd8 Kf6 59. d7 Kf7 60. Rf2+ Kg7 61. Rf4 Rc2 62. g4 Rc3 63. h4 1-0

[Event "Bosnjaci op 23rd"]
[Site "Bosnjaci"]
[Date "2018.01.06"]
[Round "6"]
[White "Stocko, Josip"]
[Black "Sertic, Rudolf"]
[Result "1/2-1/2"]
[WhiteElo "2308"]
[BlackElo "2365"]
[PlyCount "66"]
[EventDate "2018.01.03"]
[EventType "swiss"]
[EventRounds "9"]
[EventCountry "CRO"]
[SourceTitle "CBM 182 Extra"]
[Source "ChessBase"]
[SourceDate "2018.02.23"]
[SourceVersion "1"]
[SourceVersionDate "2018.02.23"]
[SourceQuality "1"]

1. e4 c5 2. Nf3 e6 3. d4 cxd4 4. Nxd4 a6 5. Bd3 Nf6 6. Qe2 d6 7. c4 Nbd7 8. 0-0 Qc7 9. b3 b6 10. Bb2 Bb7 11. Nc3 Be7 12. f4 0-0 13. Rae1 Rfd8 14. Kh1 Rac8 15. Nf3 Bf8 16. Bb1 g6 17. e5 Nh5 18. Ng5 Bh6 19. Nxf7 Kxf7 20. f5 Kg8 21. fxg6 hxg6 22. Qg4 Nf8 23. exd6 Rxd6 24. Ne4 Bxe4 25. Bxe4 Bg7 26. Bxg6 Nxg6 27. Qxg6 Qb7 28. Be5 Rd2 29. Qxe6+ Kh7 30. Qf5+ Kg8 31. Qe6+ Kh7 32. Qf5+ Kg8 33. Qe6+ Kh7 1/2-1/2

[Event "Bosnjaci op 23rd"]
[Site "Bosnjaci"]
[Date "2018.01.05"]
[Round "4"]
[White "Kovacevic, Blazimir"]
[Black "Sertic, Rudolf"]
[Result "1-0"]
[WhiteElo "2486"]
[BlackElo "2365"]
[PlyCount "142"]
[EventDate "2018.01.03"]
[EventType "swiss"]
[EventRounds "9"]
[EventCountry "CRO"]
[SourceTitle "CBM 182 Extra"]
[Source "ChessBase"]
[SourceDate "2018.02.23"]
[SourceVersion "1"]
[SourceVersionDate "2018.02.23"]
[SourceQuality "1"]

1. Nf3 d5 2. g3 Nf6 3. Bg2 e6 4. 0-0 Be7 5. c4 0-0 6. d4 c6 7. Nc3 Nbd7 8. Nd2 b5 9. cxd5 cxd5 10. Nxb5 Qb6 11. Nc3 Qxd4 12. e4 Bb7 13. Nb3 Qxd1 14. Rxd1 dxe4 15. Nxe4 Bd5 16. Bg5 Nb6 17. Bxf6 Bxf6 18. Nxf6+ gxf6 19. Na5 Rac8 20. Bxd5 Nxd5 21. Rac1 f5 22. a3 f4 23. Kg2 Kg7 24. Kf3 fxg3 25. hxg3 Rb8 26. b4 Rfc8 27. Rc6 Ne7 28. Rcd6 Rc3+ 29. R1d3 Rbc8 30. R6d4 Nd5 31. Nb7 Rc2 32. Kg2 Ra2 33. Rf3 Rc3 34. Rxc3 Nxc3 35. Nd8 Rxa3 36. Rd7 Kg6 37. Nxf7 Nd5 38. Ne5+ Kf6 39. Nc6 Rc3 40. Nxa7 Nxb4 41. Rxh7 Rc5 42. Rb7 Nd3 43. Rb3 Nc1 44. Rb2 Nd3 45. Rd2 Ne5 46. Rb2 Nd3 47. Rd2 Ne5 48. Re2 Nc6 49. Nxc6 Rxc6 50. f4 Rc8 51. Kf3 Rh8 52. Ra2 Rh1 53. Kg4 Rf1 54. Re2 Rh1 55. Rf2 Ra1 56. Rh2 Kg6 57. Re2 Kf6 58. Kf3 Rh1 59. g4 Rh3+ 60. Ke4 Ra3 61. Rd2 Ra1 62. Rd3 Ra4+ 63. Kf3 Rb4 64. Re3 Ra4 65. Rb3 Rc4 66. g5+ Kg6 67. Rb6 Kf5 68. Rb5+ Kg6 69. Re5 Rc6 70. Kg4 Rb6 71. Rxe6+ Kf7 1-0

[Event "CRO-chT1B 26th"]
[Site "Mali Losinj"]
[Date "2017.09.28"]
[Round "1.5"]
[White "Sertic, Rudolf"]
[Black "Biliskov, Vjekoslav"]
[Result "0-1"]
[WhiteElo "2382"]
[BlackElo "2271"]
[PlyCount "164"]
[EventDate "2017.09.28"]
[EventType "team-tourn"]
[EventRounds "9"]
[EventCountry "CRO"]
[SourceTitle "EXT 2018"]
[Source "ChessBase"]
[SourceDate "2017.10.13"]
[SourceVersion "1"]
[SourceVersionDate "2017.10.13"]
[SourceQuality "1"]
[WhiteTeam "Djakovo Limmont"]
[BlackTeam "Bibinje Goran"]
[WhiteTeamCountry "CRO"]
[BlackTeamCountry "CRO"]

1. c4 c5 2. Nf3 g6 3. g3 Bg7 4. Bg2 Nc6 5. Nc3 e6 6. 0-0 Nge7 7. d3 0-0 8. Bd2 d5 9. Rb1 b6 10. a3 Bb7 11. cxd5 exd5 12. b4 cxb4 13. axb4 d4 14. Ne4 Nd5 15. b5 Nce7 16. Qa4 Nf5 17. Bg5 Qd7 18. g4 Nd6 19. Nxd6 Qxd6 20. Bd2 Nc3 21. Bxc3 dxc3 22. Qb4 Qd7 23. Rfc1 Rfe8 24. Rc2 a5 25. bxa6 Rxa6 26. h3 Bc6 27. Qc4 b5 28. Qb3 Rb8 29. Ne1 b4 30. e3 Ba4 31. Qc4 Bxc2 32. Nxc2 Rab6 33. Rb3 Rc8 34. Qe4 Qa4 35. Qd5 Qb5 36. Qxb5 Rxb5 37. d4 Bf8 38. Kf1 Ra5 39. Ke2 Ra2 40. Kd3 Rc7 41. Bd5 Rb2 42. f4 Ra7 43. g5 Raa2 44. Nxb4 Bxb4 45. Rxb4 c2 46. Rxb2 Rxb2 47. Kd2 c1Q+ 48. Kxc1 Re2 49. e4 Rf2 50. Bc6 Kf8 51. Kd1 Ke7 52. Ke1 Rxf4 53. Ke2 Rh4 54. Kf3 Rxh3+ 55. Kf4 Rh4+ 56. Kg3 Rh5 57. Kf4 Rh4+ 58. Kg3 Rh1 59. Kf4 h5 60. gxh6 Rxh6 61. Bd5 Rh1 62. Bc4 Rg1 63. Be2 Kd6 64. Bf3 Ke7 65. Be2 Ra1 66. Ke3 f6 67. Bg4 Ra4 68. Bc8 Ra3+ 69. Ke2 g5 70. Bf5 Kd6 71. Kd2 Rf3 72. Bc8 Ra3 73. Bf5 Rb3 74. Bg4 Kc6 75. Be6 Rg3 76. Bc4 Kd6 77. Ba6 g4 78. Bc8 Rg1 79. Ke3 g3 80. Bh3 Ra1 81. Bg2 Ra4 82. Bf3 Ra2 0-1

[Event "CRO-chT1B 25th"]
[Site "Sibenik"]
[Date "2016.10.14"]
[Round "7.2"]
[White "Bilobrk, Franjo"]
[Black "Sertic, Rudolf"]
[Result "1/2-1/2"]
[WhiteElo "2359"]
[BlackElo "2381"]
[PlyCount "67"]
[EventDate "2016.10.08"]
[EventType "team-tourn"]
[EventRounds "9"]
[EventCountry "CRO"]
[SourceTitle "EXT 2017"]
[Source "ChessBase"]
[SourceDate "2016.10.25"]
[SourceVersion "1"]
[SourceVersionDate "2016.10.25"]
[SourceQuality "1"]
[WhiteTeam "Bibinje Goran"]
[BlackTeam "Djakovo"]
[WhiteTeamCountry "CRO"]
[BlackTeamCountry "CRO"]

1. d4 d5 2. c4 c6 3. Nf3 Nf6 4. Nc3 dxc4 5. a4 e6 6. e3 c5 7. Bxc4 Nc6 8. 0-0 Be7 9. Qe2 cxd4 10. Rd1 0-0 11. exd4 Nb4 12. Bg5 h6 13. Bh4 Bd7 14. Ne5 Bc6 15. Nxf7 Rxf7 16. Bxe6 Qf8 17. Qc4 Bd7 18. d5 Qc8 19. Bxf7+ Kxf7 20. Qb3 a5 21. Rac1 Qg8 22. Nb5 g5 23. Bg3 Kg6 24. Rc7 Bd8 25. Rxb7 Bc6 26. Rb8 Rxb8 27. Bxb8 Bxd5 28. Qe3 Bb3 29. Rd6 Bxa4 30. Qe4+ Kg7 31. Qb7+ Kg6 32. Qe4+ Kg7 33. Qb7+ Kg6 34. Qe4+ 1/2-1/2

[Event "CRO-chT1B 25th"]
[Site "Sibenik"]
[Date "2016.10.12"]
[Round "5.3"]
[White "Ostovic, Matija"]
[Black "Sertic, Rudolf"]
[Result "1-0"]
[WhiteElo "2332"]
[BlackElo "2381"]
[PlyCount "113"]
[EventDate "2016.10.08"]
[EventType "team-tourn"]
[EventRounds "9"]
[EventCountry "CRO"]
[SourceTitle "EXT 2017"]
[Source "ChessBase"]
[SourceDate "2016.10.25"]
[SourceVersion "1"]
[SourceVersionDate "2016.10.25"]
[SourceQuality "1"]
[WhiteTeam "Koprivnica Podravka"]
[BlackTeam "Djakovo"]
[WhiteTeamCountry "CRO"]
[BlackTeamCountry "CRO"]

1. e4 e6 2. d4 d5 3. Nd2 Nf6 4. Bd3 c5 5. c3 cxd4 6. cxd4 dxe4 7. Nxe4 Nxe4 8. Bxe4 Bb4+ 9. Bd2 Bxd2+ 10. Qxd2 Nd7 11. Ne2 Nf6 12. Bf3 0-0 13. 0-0 Qb6 14. a4 Rb8 15. Rfc1 Rd8 16. a5 Qd6 17. Qc3 a6 18. Qc7 b6 19. b4 Ne8 20. Qxd6 Nxd6 21. Nc3 Nf5 22. d5 e5 23. Ne2 Ne7 24. Rc7 Kf8 25. Rac1 f5 26. Nc3 e4 27. Be2 b5 28. Rd1 Rd6 29. f3 exf3 30. Bxf3 Rb7 31. Rc6 Rbd7 32. Rf1 Ke8 33. Re1 Kd8 34. h3 Bb7 35. Re5 g6 36. g4 Rf6 37. g5 Rfd6 38. h4 h5 39. gxh6 Ng8 40. Ne2 Nxh6 41. Nf4 Nf7 42. Re6 Rc7 43. Rxc7 Kxc7 44. Re7+ Rd7 45. Nxg6 Kd6 46. Rxd7+ Kxd7 47. Kf2 Kd6 48. Nf4 Ke5 49. Ke3 Nd6 50. Nd3+ Kf6 51. Kf4 Nc4 52. h5 Bc8 53. Be2 Na3 54. Nc5 Nc4 55. Bxc4 bxc4 56. d6 c3 57. d7 1-0

[Event "CRO Cup"]
[Site "Mali Losinj"]
[Date "2016.05.08"]
[Round "6.62"]
[White "Bender, Ivan"]
[Black "Sertic, Rudolf"]
[Result "1/2-1/2"]
[WhiteElo "2215"]
[BlackElo "2384"]
[PlyCount "29"]
[EventDate "2016.05.04"]
[EventType "team-swiss"]
[EventRounds "6"]
[EventCountry "CRO"]
[SourceTitle "CBM 172 Extra"]
[Source "ChessBase"]
[SourceDate "2016.06.21"]
[SourceVersion "1"]
[SourceVersionDate "2016.06.21"]
[SourceQuality "1"]
[WhiteTeam "Dubrovnik"]
[BlackTeam "Djakovo Limmont"]
[WhiteTeamCountry "CRO"]
[BlackTeamCountry "CRO"]

1. d4 d5 2. Nf3 c6 3. e3 Nf6 4. Bd3 g6 5. 0-0 Bg7 6. b3 0-0 7. Bb2 Bg4 8. Nbd2 Nbd7 9. c4 e6 10. h3 Bxf3 11. Nxf3 a6 12. Qe2 Re8 13. Rfd1 Qc7 14. Rac1 Rad8 15. a3 1/2-1/2

[Event "CRO Cup"]
[Site "Mali Losinj"]
[Date "2016.05.05"]
[Round "2.52"]
[White "Sertic, Rudolf"]
[Black "Petrov, Jole"]
[Result "1-0"]
[WhiteElo "2384"]
[BlackElo "2412"]
[PlyCount "65"]
[EventDate "2016.05.04"]
[EventType "team-swiss"]
[EventRounds "6"]
[EventCountry "CRO"]
[SourceTitle "CBM 172 Extra"]
[Source "ChessBase"]
[SourceDate "2016.06.21"]
[SourceVersion "1"]
[SourceVersionDate "2016.06.21"]
[SourceQuality "1"]
[WhiteTeam "Djakovo Limmont"]
[BlackTeam "Rijeka Rijeka"]
[WhiteTeamCountry "CRO"]
[BlackTeamCountry "CRO"]

1. d4 d5 2. c4 e6 3. Nc3 Nf6 4. cxd5 exd5 5. Bg5 c6 6. Qc2 Be7 7. e3 Nbd7 8. Bd3 Nf8 9. Nf3 Ne6 10. Bxf6 Bxf6 11. 0-0 g6 12. b4 a6 13. a4 0-0 14. a5 Re8 15. Na4 Rb8 16. Nc5 Ng7 17. Nd2 Bf5 18. Ndb3 Bxd3 19. Qxd3 Nf5 20. Rfe1 Bg7 21. Rad1 Qc7 22. f3 Rbd8 23. Qc3 Nd6 24. e4 Nb5 25. Qe3 dxe4 26. fxe4 Re7 27. Rd3 Qc8 28. Qf2 Nc7 29. Qh4 Rde8 30. Rf1 f6 31. d5 g5 32. Qg3 Rxe4 33. d6 1-0